00493nam a2200193 a 4500001001300000003000900013005001700022008004100039020001000080082001800090100002700108245001800135260003300153300000900186500003500195505002600230650001600256700002700272nice12345678IN_TiNIC20260116012212.0050524s1936 bada grp 000 0 urd  ac10000a891.4391bIQB aIqbal, Shaikh Mohammad aZarb-E-Kaleem aBadaun bNo Publisher c1936 a176p aincludes index and biblioraphy2 aworld christian books aUrdu-Poetry1 aIqbal, Shaikh Mohammad